مكتبة جامعة عجلون الوطنية

فهرس بحث المكتبة

اثر العوائد على حقوق الملكية على سعر السهم للشركات الصناعية الاردنية المدرجة في بورصة عمان: معدل التضخم كمتغير معدل = The Effect of Returns on Equity on the Share Price of Jordanian Industrial Companies Listed on the Amman Stock Exchange: Inflation Rate Book Value as an Moderating Variable (Record no. 32233)

MARC details
000 -LEADER
fixed length control field 01309nam a2200241Ii 4500
003 - CONTROL NUMBER IDENTIFIER
control field JO-AjNU
005 - DATE AND TIME OF LATEST TRANSACTION
control field 20240626134746.0
008 - FIXED-LENGTH DATA ELEMENTS--GENERAL INFORMATION
fixed length control field 230605s9999||||xx |||||||||||||| ||und||
040 ## - CATALOGING SOURCE
Original cataloging agency JO-AjNU
Language of cataloging ara
Description conventions rda
Transcribing agency JO-AjNU
041 ## - LANGUAGE CODE
Language code of text/sound track or separate title ara
050 14 - LIBRARY OF CONGRESS CALL NUMBER
Classification number HG4636.2022
100 ## - MAIN ENTRY--PERSONAL NAME
Personal name بعارة، منار محمد علي
Relator term معد
9 (RLIN) 65707
245 00 - TITLE STATEMENT
Title اثر العوائد على حقوق الملكية على سعر السهم للشركات الصناعية الاردنية المدرجة في بورصة عمان: معدل التضخم كمتغير معدل = The Effect of Returns on Equity on the Share Price of Jordanian Industrial Companies Listed on the Amman Stock Exchange: Inflation Rate Book Value as an Moderating Variable
Statement of responsibility, etc. / اعداد منار محمد علي بعارة ؛ اشراف مهند محمد العبيني
264 31 - PRODUCTION, PUBLICATION, DISTRIBUTION, MANUFACTURE, AND COPYRIGHT NOTICE
Place of production, publication, distribution, manufacture 2022
300 ## - PHYSICAL DESCRIPTION
Extent 91 ورقة
336 ## - CONTENT TYPE
Content type term text
Content type code txt
Source rdacontent
337 ## - MEDIA TYPE
Media type term unmediated
Media type code n
Source rdamedia
338 ## - CARRIER TYPE
Carrier type term volume
Carrier type code nc
Source rdacarrier
500 ## - GENERAL NOTE
General note رسالة جامعية(اطروحة ماجستير) تخصص المحاسبة /كلية الاعمال، جامعة عجلون الوطنية، 2022
650 #4 - SUBJECT ADDED ENTRY--TOPICAL TERM
Topical term or geographic name entry element الاسهم-الشركات الصناعية
9 (RLIN) 63222
700 ## - ADDED ENTRY--PERSONAL NAME
Personal name مهند محمد العبيني
Relator term مشرف
9 (RLIN) 65708
942 ## - ADDED ENTRY ELEMENTS (KOHA)
Source of classification or shelving scheme Library of Congress Classification
Koha item type Thesis
Holdings
Withdrawn status Lost status Source of classification or shelving scheme Damaged status Not for loan Home library Current library Shelving location Date acquired Total Checkouts Full call number Barcode Date last seen Price effective from Koha item type
    Library of Congress Classification     مكتبة جامعة عجلون الوطنية مكتبة جامعة عجلون الوطنية المراجع 26/06/2024   HG4636.2022 A28665 06/06/2023 26/06/2024 Thesis
    Library of Congress Classification     مكتبة جامعة عجلون الوطنية مكتبة جامعة عجلون الوطنية   26/06/2024   HG4636.2022 a28664 26/06/2024 26/06/2024 Thesis